Catálogo

Estrategias y competitividad en la era digital / (Registro nro. 70172)

Detalles MARC
000 -LEADER
fixed length control field 01567nam a2200373 i 4500
001 - CONTROL NUMBER
control field 70172
003 - CONTROL NUMBER IDENTIFIER
control field Mx-PuUPA
005 - DATE AND TIME OF LATEST TRANSACTION
control field 20230626090600.0
008 - FIXED-LENGTH DATA ELEMENTS--GENERAL INFORMATION
fixed length control field 230622s2021 mx d|||gr|||| 00| 0 spa d
020 ## - INTERNATIONAL STANDARD BOOK NUMBER
International Standard Book Number 9786077367239
Qualifying information fontamara
020 ## - INTERNATIONAL STANDARD BOOK NUMBER
International Standard Book Number 9786075184470
Qualifying information unison
040 ## - CATALOGING SOURCE
Original cataloging agency Mx-PuUPA
Language of cataloging spa
Transcribing agency Mx-PuUPA
Modifying agency Mx-PuUPA
Description conventions rda
041 0# - LANGUAGE CODE
Language code of text/sound track or separate title spa
245 10 - TITLE STATEMENT
Title Estrategias y competitividad en la era digital /
Statement of responsibility, etc. Clara Molina Verdugo, Silvia Leticia Sánchez Fuentes, María Leticia Verdugo Tapia, Luz María Leyva Jiménez, coordinadoras
250 ## - EDITION STATEMENT
Edition statement Primera edición
264 #1 - PRODUCTION, PUBLICATION, DISTRIBUTION, MANUFACTURE, AND COPYRIGHT NOTICE
Place of production, publication, distribution, manufacture CDMX, México :
Name of producer, publisher, distributor, manufacturer Editorial Fontamara,
Date of production, publication, distribution, manufacture, or copyright notice 2021
300 ## - PHYSICAL DESCRIPTION
Extent 336 páginas :
Other physical details graficas, diagramas, tablas ;
Dimensions 21 cm
336 ## - CONTENT TYPE
Fuente rdacontent
Content type term texto
Content type code txt
337 ## - MEDIA TYPE
Source rdamedia
Media type term sin medio
Media type code n
338 ## - CARRIER TYPE
Source rdacarrier
Carrier type term volumen
Carrier type code nc
650 #7 - SUBJECT ADDED ENTRY--TOPICAL TERM
Source of heading or term armarc
Topical term or geographic name entry element Administración industrial
650 #7 - SUBJECT ADDED ENTRY--TOPICAL TERM
Source of heading or term armarc
Topical term or geographic name entry element Industrias
Geographic subdivision México
650 #7 - SUBJECT ADDED ENTRY--TOPICAL TERM
Source of heading or term armarc
Topical term or geographic name entry element Planificación estrátegica
Geographic subdivision México
650 #7 - SUBJECT ADDED ENTRY--TOPICAL TERM
Source of heading or term armarc
Topical term or geographic name entry element Innovaciones tecnologicas
General subdivision Aspectos económicos
Geographic subdivision México
651 #4 - SUBJECT ADDED ENTRY--GEOGRAPHIC NAME
Geographic name México
General subdivision Condiciones económicas
Chronological subdivision 1994
700 1# - ADDED ENTRY--PERSONAL NAME
Personal name Molina Verdugo, Clara,
Relator term coordinador
9 (RLIN) 14351
700 1# - ADDED ENTRY--PERSONAL NAME
Personal name Sánchez Fuentes, Silvia Leticia,
Relator term coordinador
700 1# - ADDED ENTRY--PERSONAL NAME
Personal name Verdugo Tapia, María Leticia,
Relator term coordinador
700 1# - ADDED ENTRY--PERSONAL NAME
Personal name Leyva Jiménez, Luz María,
Relator term coordinador
942 ## - ADDED ENTRY ELEMENTS (KOHA)
Source of classification or shelving scheme Dewey Decimal Classification
Koha item type Libro
Classification part 658
Item part E795
Existencias
Withdrawn status Lost status Source of classification or shelving scheme Damaged status Not for loan Collection code Home library Current library Shelving location Date acquired Source of acquisition Cost, normal purchase price Total Checkouts Full call number Barcode Date last seen Cost, replacement price Price effective from Koha item type
    Dewey Decimal Classification     General Biblioteca Karol Wojtyla Biblioteca Karol Wojtyla Sala general 16/06/2023 1 410.00   658 E795 2021 103691 05/01/2026 410.00 16/06/2023 Libro